Word Morph - Statistics

General Stats
  • This quiz has been taken 14 times
  • The average score is 15 of 19
Answer Stats
Hint Action Word % Correct
A sudden attack, as of epilepsy or some other disease Add 3 Seizure
91%
The spatial dimensions, proportions, magnitude, or bulk of anything Replace 1 Size
91%
A small domesticated carnivore, Felis domestica or F. catus, bred in a number of varieties Swap Cat
82%
To trap or ensnare Add 2 Catch
82%
A fluid or viscous substance used for writing or printing Delete 2 Ink
82%
This website Add 3 JetPunk
82%
A color varying from light crimson to pale reddish purple Add 1 Pink
82%
Something or someone worthless or unimportant Replace 1 Punk
82%
The front part of the leg from the knee to the ankle Replace 1 Shin
82%
To give forth or glow with light; shed or cast light Add 1 Shine
82%
To revolve or rotate rapidly, as the earth or a top Delete 3 Spin
82%
A plant, Spinacia oleracea, cultivated for its edible, crinkly or flat leaves Add 2 Spinach
82%
Free from doubt as to the reliability, character, action, etc., of something Delete 3 Sure
82%
To have a certain thing as the subject of one's thoughts Replace 2 Think
82%
To do something; exert energy or force; be employed or operative Delete 2 Act
73%
To squeeze or compress between the finger and thumb, the teeth, the jaws of an instrument, or the like Replace 3 Pinch
73%
Sharp or severe in effect; intense Add 1 Acute
64%
Attractive, especially in a dainty way; pleasingly pretty Replace 2 Cute
64%
One of the surfaces forming the outside of or bounding a thing N/A (4 letters) S{ide}
55%
No matching quizzes found
Score Distribution
Percent of People with Each Score
Percentile by Number Answered
Your Score History
You have not taken this quiz